Statistics for Guess the Hit Title from the Lyrics #4

Click here to take the quiz!

General Stats

  • This quiz has been taken 318 times
  • The average score is 5 of 15

Answer Stats

LyricsAnswer% Correct
You are the _____ ____ / Young and sweet / Only seventeen / Dancing queen / Feel the beat from the tambourine, oh yeahDancing Queen: By ABBA
93%
My loneliness is killing me (and I) / I must confess I still believe (still believe) / When I'm not with you I lose my mind / Give me a sign / ___ __ ____ ___ ___ ___(Hit Me) Baby One More Time: By Britney Spears
79%
So baby, pull me _____ in the backseat of your Rover / That I know you can't afford / Bite that tattoo on your shoulderCloser: By The Chainsmokers & Halsey
76%
Toast to the ones here today / Toast to the ones that we lost on the way / 'Cause the drinks bring back all the ______ / And the ______ bring back ______ bring back youMemories: By Maroon 5
71%
All of my life / Where have you been / I wonder if I'll ever see you _____ / And if that day comes / I know we could win / I wonder if I'll ever see you _____Again: By Lenny Kravitz
43%
I know you lie / 'Cause your ___ __ ___' / Tell me do you think I'm dumb? / I might be young, but I ain't stupid / Talking around in circles with your tongueLips Are Movin': By Meghan Trainor
41%
________ / Say you want me / Say you want me / Back in your life / So I'm just a dead man crawling tonightYoungblood: By 5 Seconds of Summer
24%
So ____ ___ ____ if you are wrong, in all the right ways / All my underdogs / We will never be never be, anything but loudRaise Your Glass: By Pink
23%
___ __ _____ __ ____ / You take the weight off me / Oh, honey, when you knock on my door / Ooh, I gave you my keyDon't Go Breaking My Heart: By Elton John
13%
Do you _____ ___ ___ / When we fell in love / Do you _____ ___ ___ / When we first met girl / Do you _____ ___ ___ / When we fell in love / Do you _____ ___ ___Remember The Time: By Michael Jackson
12%
__ ___ ___ / I see there's something burning inside you / Oh, inside you / __ ___ ___ / I know it hurts to smile but you try to / Oh, you try toIn Your Eyes: By The Weekend
11%
Want your heart beating on me, don't leave me hot and lonely / I don't usually give in to ___ _____ / But I'll give in to yoursPeer Pressure: By James Bay & Julia Michaels
4%
This is a memory in our minds that we will never forget (You and I) / We are the love and we are the night / We are, ______Dynamite: By Westlife
3%
'Cause I've been wondering / When you gonna see I'm not for sale / I've been questioning / When you gonna see I'm not a part of your ______ / Not a part of your ______Machine: By Imagine Dragons
3%
But I can't help when I feel some kind of way / Do you feel the same? 'Cause / And I fall, I fall for you / You caught me __ __ _____ / And I fall for youAt My Weakest: By James Arthur
2%

Score Distribution

Percentile by Number Answered

Percent of People with Each Score

Your Score History

You have not taken this quiz